000 00498nam a2200181Ia 4500
001 17424
005 20260306171516.0
008 260306s9999||||xx |||||||||||||| ||und||
041 _aESP
082 _a658
_bB81N
100 _aBraidot, Néstor Pedro
_eAUT
245 0 _aNeuromanagement:
_bcómo utilizar a pleno el cerebro en la conducción exitosa de las organizaciones
260 _c2010
300 _a488 páginas :
_c23 cm.
650 _aGEN
654 _aCCO
942 _cLIB
_dJUS
_fJUS
_2ddc
_n
999 _c17424
_d17424